| 000 | 00573cam a2200217 4500 | ||
|---|---|---|---|
| 001 | J416 | ||
| 008 | 090401t1990 xxu||||| |||| 00| 0 eng d | ||
| 035 | _a(Sirsi) u74827 | ||
| 041 | _aeng | ||
| 050 | _a712.7 | ||
| 110 |
_aEssex Planning Officers Association _92260 |
||
| 245 | _aReport of the Golf Courses Working Party. | ||
| 260 |
_aChelmsford _bEssex County Council _c1990 |
||
| 300 | _aii,23,(36)p. : ill.,map ; 30cm. | ||
| 350 | _a10.5 | ||
| 650 | _aESSEX | ||
| 650 | _aGOLF COURSES | ||
| 690 | _aLEISURE AND RECREATION | ||
| 942 | _n0 | ||
| 948 | _c04/03/1997 | ||
| 999 |
_c95924 _d95924 |
||